[Event "Oberliga Nord W 2324"]
[Site "Germany"]
[Date "2024.04.28"]
[Round "9.4"]
[White "Hart, Martin"]
[Black "Franke, Reiner"]
[Result "1-0"]
[WhiteElo "2063"]
[BlackElo "2163"]
[PlyCount "55"]
[EventDate "2023.10.22"]
[EventType "team-tourn"]
[EventRounds "9"]
[EventCountry "GER"]
[SourceTitle "EXT 2025"]
[Source "ChessBase"]
[SourceDate "2024.10.14"]
[SourceVersion "1"]
[SourceVersionDate "2024.10.14"]
[SourceQuality "1"]
[WhiteTeam "Hellern"]
[BlackTeam "Werder Bremen III"]
[WhiteTeamCountry "GER"]
[BlackTeamCountry "GER"]

1. e4 c5 2. Nc3 Nc6 3. g3 g6 4. Bg2 Bg7 5. d3 e5 6. Nh3 Nge7 7. 0-0 d6 8. f4 0-0 9. f5 f6 10. g4 g5 11. Nxg5 fxg5 12. Bxg5 h6 13. Be3 Nd4 14. Qd2 Kh7 15. Rf2 Ng8 16. Raf1 Bf6 17. Nd5 Bh4 18. c3 Nc6 19. Rf3 Nce7 20. Rh3 Nxd5 21. exd5 Kg7 22. Be4 Bd7 23. Kh1 Nf6 24. Bxh6+ Kf7 25. Bxf8 Nxe4 26. dxe4 Bg5 27. Rh7+ Kf6 28. Bg7+ 1-0

[Event "Oberliga Nord W 2223"]
[Site "Germany"]
[Date "2023.05.07"]
[Round "9.8"]
[White "Franke, Reiner"]
[Black "Traulsen, Timo"]
[Result "1-0"]
[WhiteElo "2233"]
[BlackElo "1695"]
[PlyCount "61"]
[EventDate "2022.10.23"]
[EventType "team-tourn"]
[EventRounds "9"]
[EventCountry "GER"]
[SourceTitle "EXT 2025"]
[Source "ChessBase"]
[SourceDate "2024.10.14"]
[SourceVersion "1"]
[SourceVersionDate "2024.10.14"]
[SourceQuality "1"]
[WhiteTeam "Werder Bremen III"]
[BlackTeam "Ricklingen"]
[WhiteTeamCountry "GER"]
[BlackTeamCountry "GER"]

1. c4 Nf6 2. Nf3 e6 3. g3 b6 4. Bg2 Bb7 5. 0-0 c5 6. Nc3 Be7 7. d4 cxd4 8. Qxd4 d6 9. b3 0-0 10. e4 Nbd7 11. Qe3 Nc5 12. Nd4 d5 13. exd5 exd5 14. Nf5 Bd6 15. Rd1 Re8 16. Qg5 g6 17. Nxd6 Qxd6 18. Bf4 Qe7 19. cxd5 Nce4 20. Nxe4 Nxe4 21. Qxe7 Rxe7 22. Rac1 Rd8 23. Bxe4 Rxe4 24. d6 Rd7 25. Rc7 Ree7 26. Rxb7 Rxb7 27. dxe7 Rxe7 28. Bg5 Re6 29. Bh6 f6 30. Rd8+ Kf7 31. Rd7+ 1-0

[Event "Oberliga Nord W 2223"]
[Site "Germany"]
[Date "2023.01.15"]
[Round "4.7"]
[White "Askerov, Imamali"]
[Black "Franke, Reiner"]
[Result "1-0"]
[WhiteElo "1939"]
[BlackElo "2233"]
[PlyCount "41"]
[EventDate "2022.10.23"]
[EventType "team-tourn"]
[EventRounds "9"]
[EventCountry "GER"]
[SourceTitle "EXT 2025"]
[Source "ChessBase"]
[SourceDate "2024.10.14"]
[SourceVersion "1"]
[SourceVersionDate "2024.10.14"]
[SourceQuality "1"]
[WhiteTeam "Uelzen Post"]
[BlackTeam "Werder Bremen III"]
[WhiteTeamCountry "GER"]
[BlackTeamCountry "GER"]

1. e4 d5 2. exd5 Qxd5 3. Nc3 Qa5 4. d4 Nf6 5. Bc4 Bg4 6. Nf3 Nc6 7. h3 Bxf3 8. Qxf3 0-0-0 9. Be3 Nxd4 10. Bxd4 Rxd4 11. Bxf7 e5 12. Qf5+ Kb8 13. 0-0 Bb4 14. Qg5 Rf8 15. Qxg7 Ne4 16. Nxe4 Rxe4 17. Rad1 a6 18. c3 Re2 19. cxb4 Qxb4 20. a3 Qe7 21. Rd7 1-0

[Event "Oberliga Nord W 2122"]
[Site "Germany"]
[Date "2022.05.29"]
[Round "6.5"]
[White "Schuette, Marc"]
[Black "Franke, Reiner"]
[Result "1-0"]
[WhiteElo "2108"]
[BlackElo "2247"]
[PlyCount "67"]
[EventDate "2021.10.10"]
[EventType "team-tourn"]
[EventRounds "9"]
[EventCountry "GER"]
[SourceTitle "EXT 2024"]
[Source "ChessBase"]
[SourceDate "2023.10.10"]
[SourceVersion "1"]
[SourceVersionDate "2023.10.10"]
[SourceQuality "1"]
[WhiteTeam "Oldenburg Union"]
[BlackTeam "Werder Bremen III"]
[WhiteTeamCountry "GER"]
[BlackTeamCountry "GER"]

1. e4 d5 2. exd5 Qxd5 3. Nc3 Qa5 4. d4 Nf6 5. Bc4 Bg4 6. f3 Bf5 7. Nge2 e6 8. 0-0 Nbd7 9. Bd2 c6 10. Kh1 Qc7 11. Bf4 Bd6 12. Bxd6 Qxd6 13. Ng3 Bg6 14. Nge4 Qc7 15. Qe2 0-0 16. Rad1 Rad8 17. Bd3 Nd5 18. Qf2 Nxc3 19. Nxc3 Qb6 20. Bxg6 hxg6 21. Rd3 Nf6 22. b3 Rd7 23. Na4 Qc7 24. Nc5 Re7 25. Ne4 Rd8 26. Qh4 Nh5 27. f4 Red7 28. g4 Nxf4 29. Ng5 Rxd4 30. Qh7+ Kf8 31. Qh8+ Ke7 32. Qxg7 c5 33. Qxf7+ Kd6 34. Qxf4+ 1-0

[Event "Oberliga Nord W 2122"]
[Site "Germany"]
[Date "2021.10.24"]
[Round "2.5"]
[White "Franke, Reiner"]
[Black "Buchenau, Frank"]
[Result "1-0"]
[WhiteElo "2247"]
[BlackElo "2269"]
[PlyCount "71"]
[EventDate "2021.10.10"]
[EventType "team-tourn"]
[EventRounds "9"]
[EventCountry "GER"]
[SourceTitle "EXT 2023"]
[Source "ChessBase"]
[SourceDate "2022.10.05"]
[SourceVersion "1"]
[SourceVersionDate "2022.10.05"]
[SourceQuality "1"]
[WhiteTeam "Werder Bremen III"]
[BlackTeam "Lister Turm"]
[WhiteTeamCountry "GER"]
[BlackTeamCountry "GER"]

1. Nf3 Nf6 2. c4 e6 3. g3 b6 4. Bg2 Bb7 5. 0-0 Be7 6. Nc3 0-0 7. d4 Ne4 8. Qc2 Nxc3 9. Qxc3 f5 10. Rd1 Bf6 11. b4 a5 12. b5 d6 13. a4 Qe7 14. Ba3 g5 15. Rac1 Qg7 16. h4 h6 17. Qe3 Nd7 18. hxg5 hxg5 19. Qxe6+ Kh8 20. Qxf5 Rae8 21. Ne5 Bxg2 22. Nxd7 Be4 23. Qh3+ Kg8 24. Nxf8 g4 25. Qh5 Rxf8 26. Bb2 Qg5 27. Qxg5+ Bxg5 28. Rc3 Rf7 29. Rf1 Bd2 30. Ra3 Bb4 31. Re3 Bc2 32. Ra1 Bd2 33. Re8+ Kh7 34. Kg2 Kg6 35. Rh1 Bxa4 36. Rh4 1-0

[Event "Oberliga Nord W 2122"]
[Site "Germany"]
[Date "2021.10.10"]
[Round "1.7"]
[White "Jacobi, Felix Hagen"]
[Black "Franke, Reiner"]
[Result "1/2-1/2"]
[WhiteElo "2123"]
[BlackElo "2247"]
[PlyCount "82"]
[EventDate "2021.10.10"]
[EventType "team-tourn"]
[EventRounds "9"]
[EventCountry "GER"]
[SourceTitle "EXT 2023"]
[Source "ChessBase"]
[SourceDate "2022.10.05"]
[SourceVersion "1"]
[SourceVersionDate "2022.10.05"]
[SourceQuality "1"]
[WhiteTeam "Hameln"]
[BlackTeam "Werder Bremen III"]
[WhiteTeamCountry "GER"]
[BlackTeamCountry "GER"]

1. e4 c5 2. f4 g6 3. c3 d5 4. Bb5+ Bd7 5. Bxd7+ Qxd7 6. d3 Nc6 7. Qe2 Bg7 8. Nf3 e6 9. 0-0 Nge7 10. Nbd2 b6 11. Re1 h5 12. Ng5 Rd8 13. Ndf3 dxe4 14. dxe4 f6 15. Nh3 Qd3 16. Qxd3 Rxd3 17. Nf2 Rd8 18. Be3 Bh6 19. Rad1 Kf7 20. g3 Rxd1 21. Rxd1 Rd8 22. Rxd8 Nxd8 23. Kf1 e5 24. Ke2 exf4 25. gxf4 Ke8 26. b3 Kd7 27. Nd3 Bg7 28. a4 f5 29. e5 Ne6 30. Bd2 Bh6 31. Kf2 Ke8 32. Kg3 Nc6 33. Nb2 Na5 34. b4 Nb3 35. Be3 cxb4 36. cxb4 Bf8 37. Nd3 Be7 38. Nh4 Kf7 39. Nf3 Ke8 40. Nh4 Kf7 41. Nf3 Ke8 1/2-1/2

[Event "GER T319-B32-S email"]
[Site "GER email"]
[Date "2020.12.18"]
[Round "?"]
[White "Franke, Reiner"]
[Black "Fischer, Jens"]
[Result "1/2-1/2"]
[WhiteElo "2115"]
[BlackElo "1858"]
[PlyCount "68"]
[EventDate "2020.12.18"]
[EventType "tourn (corr)"]
[EventRounds "8"]
[EventCountry "GER"]
[SourceTitle "Corr 2024"]
[Source "ChessBase"]
[SourceDate "2023.10.19"]
[SourceVersion "1"]
[SourceVersionDate "2023.10.19"]
[SourceQuality "1"]

1. e4 c5 2. Nf3 Nc6 3. d4 cxd4 4. Nxd4 g6 5. Nc3 Bg7 6. Be3 Nf6 7. Bc4 0-0 8. Bb3 d6 9. f3 Bd7 10. h4 h5 11. Qd2 Rc8 12. 0-0-0 Ne5 13. Bg5 Re8 14. Kb1 Nc4 15. Qd3 Ne5 16. Qd2 Nc4 17. Qd3 Ne5 18. Qe3 Rc5 19. g4 hxg4 20. h5 Nxh5 21. Nf5 Nxf3 22. Nxd6 Qb6 23. Nxf7 Bc6 24. Rxh5 gxh5 25. Qf4 Ra5 26. Nd8+ Kh8 27. Qxg4 hxg4 28. Rh1+ Bh6 29. Rxh6+ Kg7 30. Ne6+ Kf7 31. Nd8+ Kf8 32. Ne6+ Kf7 33. Nd8+ Kf8 34. Ne6+ Kf7 1/2-1/2

[Event "GER T319-B32-S email"]
[Site "GER email"]
[Date "2020.12.18"]
[Round "?"]
[White "Hoexter, Heinrich"]
[Black "Franke, Reiner"]
[Result "1/2-1/2"]
[WhiteElo "2053"]
[BlackElo "2115"]
[PlyCount "57"]
[EventDate "2020.12.18"]
[EventType "tourn (corr)"]
[EventRounds "8"]
[EventCountry "GER"]
[SourceTitle "Corr 2024"]
[Source "ChessBase"]
[SourceDate "2023.10.19"]
[SourceVersion "1"]
[SourceVersionDate "2023.10.19"]
[SourceQuality "1"]

1. e4 c5 2. Nf3 Nc6 3. d4 cxd4 4. Nxd4 g6 5. c4 Nf6 6. Nc3 d6 7. Be2 Nxd4 8. Qxd4 Bg7 9. Be3 0-0 10. Qd2 a5 11. f3 a4 12. Kf2 Be6 13. Rac1 Nd7 14. Rhd1 Nc5 15. Nd5 Bxd5 16. cxd5 Qd7 17. Rc2 a3 18. b4 Na6 19. Rc4 Rfc8 20. Rdc1 Bb2 21. R1c2 h5 22. Kf1 Rxc4 23. Rxc4 Kh7 24. f4 Rc8 25. Qd3 Qd8 26. Qc2 Rxc4 27. Qxc4 Nb8 28. g3 Nd7 29. Kg2 1/2-1/2

[Event "GER T319-B32-S email"]
[Site "GER email"]
[Date "2020.12.18"]
[Round "?"]
[White "Thau, Oliver"]
[Black "Franke, Reiner"]
[Result "1/2-1/2"]
[WhiteElo "1759"]
[BlackElo "2115"]
[PlyCount "74"]
[EventDate "2020.12.18"]
[EventType "tourn (corr)"]
[EventRounds "8"]
[EventCountry "GER"]
[SourceTitle "Corr 2024"]
[Source "ChessBase"]
[SourceDate "2023.10.19"]
[SourceVersion "1"]
[SourceVersionDate "2023.10.19"]
[SourceQuality "1"]

1. e4 c5 2. Nf3 Nc6 3. d4 cxd4 4. Nxd4 g6 5. c4 Nf6 6. Nc3 d6 7. Be2 Nxd4 8. Qxd4 Bg7 9. Be3 0-0 10. Qd2 a5 11. 0-0 a4 12. f3 Be6 13. Rac1 Qa5 14. Rc2 Rfc8 15. Rfc1 Nd7 16. Nd5 Qxd2 17. Bxd2 Bd4+ 18. Kf1 Kf8 19. Bh6+ Ke8 20. g4 Ne5 21. Rd1 Nc6 22. Bd2 Bc5 23. Rc3 f6 24. h4 Bd4 25. Rc2 Ne5 26. Bf4 Bc5 27. Kg2 h5 28. g5 f5 29. Bxe5 dxe5 30. exf5 Bxf5 31. Bd3 Kf7 32. Bxf5 gxf5 33. Re2 e6 34. Nc3 a3 35. Rd7+ Ke8 36. Rxb7 axb2 37. Rexb2 Bd4 1/2-1/2

[Event "WchT Seniors 50"]
[Site "Radebeul"]
[Date "2016.06.26"]
[Round "1.3"]
[White "Hoffmann, Michael3"]
[Black "Franke, Reiner"]
[Result "1/2-1/2"]
[WhiteElo "1931"]
[BlackElo "2274"]
[PlyCount "41"]
[EventDate "2016.06.26"]
[EventType "team-swiss"]
[EventRounds "9"]
[EventCountry "GER"]
[SourceTitle "CBM 173 Extra"]
[Source "ChessBase"]
[SourceDate "2016.08.29"]
[SourceVersion "1"]
[SourceVersionDate "2016.08.29"]
[SourceQuality "1"]
[WhiteTeam "Hannover"]
[BlackTeam "Werder Bremen"]
[WhiteTeamCountry "GER"]
[BlackTeamCountry "GER"]

1. d4 Nf6 2. Nf3 g6 3. b3 Bg7 4. Bb2 d5 5. e3 Bg4 6. Be2 0-0 7. 0-0 Ne4 8. c4 c6 9. Nc3 Nxc3 10. Bxc3 Re8 11. Re1 e6 12. Rc1 Nd7 13. h3 Bxf3 14. Bxf3 f5 15. Qe2 Qc7 16. g3 Rad8 17. Bg2 dxc4 18. Qxc4 Nb6 19. Ba5 Qd7 20. Bxb6 axb6 21. a4 1/2-1/2

[Event "BL2-Nord 0203"]
[Site "Germany"]
[Date "2002.12.15"]
[Round "3.8"]
[White "Franke, Reiner"]
[Black "Engelbert, Christoph"]
[Result "1/2-1/2"]
[WhiteElo "2287"]
[BlackElo "2240"]
[PlyCount "98"]
[EventDate "2002.10.20"]
[EventType "team-tourn"]
[EventRounds "9"]
[EventCountry "GER"]
[SourceTitle "EXT 2004"]
[Source "ChessBase"]
[SourceDate "2003.11.25"]
[SourceVersion "1"]
[SourceVersionDate "2003.11.25"]
[SourceQuality "1"]
[WhiteTeam "Werder Bremen II"]
[BlackTeam "Hamburger SK II"]
[WhiteTeamCountry "GER"]
[BlackTeamCountry "GER"]

1. Nf3 g6 2. c4 Bg7 3. d4 d6 4. Nc3 Bg4 5. e3 c5 6. Be2 cxd4 7. exd4 Nc6 8. Be3 Nh6 9. h3 Bxf3 10. Bxf3 Nf5 11. Bxc6+ bxc6 12. Qd2 0-0 13. 0-0 d5 14. cxd5 cxd5 15. Ne2 Qb6 16. Rac1 Rfc8 17. b3 e6 18. Rfd1 Qa6 19. Re1 Rxc1 20. Rxc1 Rc8 21. Rc2 Bf8 22. Rxc8 Qxc8 23. Qc3 Qxc3 24. Nxc3 Bd6 25. Nb5 Bb8 26. Kf1 Nxe3+ 27. fxe3 f6 28. Ke2 Kf7 29. Nc3 f5 30. b4 Ke7 31. Kd3 Kd6 32. a3 Kc6 33. Kc2 f4 34. exf4 Bxf4 35. a4 Bg3 36. Ne2 Be1 37. Kb3 Bf2 38. Kc3 Be1+ 39. Kb3 Bf2 40. b5+ Kd6 41. Kc2 e5 42. dxe5+ Kxe5 43. a5 Kd6 44. Kd3 Kc5 45. Nc3 Bg3 46. b6 axb6 47. axb6 Be5 48. b7 Kc6 49. Na2 Kxb7 1/2-1/2